[Event "London Menchik Memorial 8th"]
[Site "London"]
[Date "2024.03.25"]
[Round "7"]
[White "Hryshchenko, Kamila"]
[Black "Smith, Olivia"]
[Result "1/2-1/2"]
[WhiteElo "2186"]
[BlackElo "2054"]
[PlyCount "117"]
[EventDate "2024.03.22"]
[EventType "tourn"]
[EventRounds "9"]
[EventCountry "ENG"]
[SourceTitle "CB13_2024"]
[SourceDate "2024.03.27"]
[SourceVersion "1"]
[SourceVersionDate "2024.03.27"]
[SourceQuality "1"]

1. e4 c6 2. d4 d5 3. f3 e6 4. Nc3 Bb4 5. Nge2 dxe4 6. fxe4 e5 7. Be3 Nf6 8. Qd3 exd4 9. Bxd4 c5 10. Bxf6 Qxd3 11. cxd3 gxf6 12. 0-0-0 Be6 13. Nb5 Ba5 14. d4 cxd4 15. Nexd4 Ke7 16. Be2 Nd7 17. Kb1 Rhg8 18. g3 Ne5 19. Rhf1 a6 20. Na3 Rad8 21. Nac2 Bb6 22. b3 Ng4 23. Bc4 Ne3 24. Nxe3 Rxd4 25. Nd5+ Bxd5 26. Bxd5 Rxd1+ 27. Rxd1 Rb8 28. Rf1 Be3 29. Rf3 Bd4 30. Rf4 b6 31. Rg4 Kf8 32. Rf4 Rd8 33. Kc2 Be5 34. Rf5 Rc8+ 35. Kd2 b5 36. Rf3 b4 37. Rd3 Rd8 38. Bb7 Rxd3+ 39. Kxd3 a5 40. Kc4 Ke7 41. Kb5 Bc7 42. Kc6 Bd8 43. Bc8 Kf8 44. g4 h6 45. h3 Ke8 46. Ba6 Kf8 47. Kd7 Be7 48. Bc4 Bc5 49. Kc6 Be7 50. Kd5 Bd8 51. h4 Bb6 52. Kc6 Bd8 53. h5 Be7 54. Kd7 Bc5 55. Kc6 Be7 56. Kd5 Bd8 57. e5 fxe5 58. Kxe5 Bg5 59. Kd6 1/2-1/2

[Event "London Menchik Memorial 8th"]
[Site "London"]
[Date "2024.03.23"]
[Round "4"]
[White "Hryshchenko, Kamila"]
[Black "Navrotescu, Andreea Cristiana"]
[Result "0-1"]
[WhiteElo "2186"]
[BlackElo "2200"]
[PlyCount "82"]
[EventDate "2024.03.22"]
[EventType "tourn"]
[EventRounds "9"]
[EventCountry "ENG"]
[SourceTitle "CB13_2024"]
[SourceDate "2024.03.27"]
[SourceVersion "1"]
[SourceVersionDate "2024.03.27"]
[SourceQuality "1"]

1. Nf3 d5 2. g3 g6 3. Bg2 Bg7 4. d3 e5 5. Nc3 Nc6 6. e4 dxe4 7. Nxe4 h6 8. 0-0 Nge7 9. a4 f5 10. Nc3 Be6 11. Re1 Bf7 12. a5 0-0 13. a6 b6 14. Bd2 Qd7 15. b4 b5 16. Rb1 Rad8 17. h3 Rb8 18. Be3 Nd4 19. Ne2 Nd5 20. Bd2 Rfe8 21. c3 Nxe2+ 22. Qxe2 Rbd8 23. Red1 Qc8 24. Ra1 c6 25. Ra3 e4 26. Nd4 Nxb4 27. dxe4 Bc4 28. Qe3 Nd5 29. Qe1 b4 30. Ra5 c5 31. Ne2 fxe4 32. cxb4 Nxb4 33. Be3 Nd3 34. Qf1 Bxa6 35. Nf4 Nxf4 36. Rxd8 Bxf1 37. Rxc8 Rxc8 38. Bxe4 Bd3 39. gxf4 Bxe4 40. Bxc5 Bc3 41. Ra4 Rxc5 0-1

[Event "London Menchik Memorial 8th"]
[Site "London"]
[Date "2024.03.22"]
[Round "2"]
[White "Hryshchenko, Kamila"]
[Black "Cosman, Andreea Marioara"]
[Result "1/2-1/2"]
[WhiteElo "2186"]
[BlackElo "2115"]
[PlyCount "99"]
[EventDate "2024.03.22"]
[EventType "tourn"]
[EventRounds "9"]
[EventCountry "ENG"]
[SourceTitle "CB13_2024"]
[SourceDate "2024.03.27"]
[SourceVersion "1"]
[SourceVersionDate "2024.03.27"]
[SourceQuality "1"]

1. e4 c5 2. d3 Nc6 3. Be2 g6 4. f4 d5 5. Nf3 Nf6 6. e5 Nh5 7. 0-0 Bh6 8. Ne1 Ng7 9. Nc3 Ne6 10. Bg4 0-0 11. Ne2 f6 12. exf6 exf6 13. c3 Qd6 14. Bf3 f5 15. a4 b6 16. g3 Bb7 17. Nc2 Bg7 18. Ne3 d4 19. Nc4 Qd7 20. a5 Nxa5 21. Nxa5 Bxf3 22. Rxf3 bxa5 23. c4 Rab8 24. Rxa5 Rb4 25. Rf1 Qb7 26. h3 Bf6 27. Kh2 Bd8 28. Ra2 Bc7 29. Ng1 g5 30. Rf2 Rf7 31. Qh5 Rb6 32. Qf3 Qxf3 33. Rxf3 g4 34. Rf1 Bb8 35. Re1 Rf6 36. Ra3 Kf7 37. b3 h5 38. h4 Nd8 39. Bd2 Nc6 40. Ne2 Re6 41. Nc1 Bd6 42. Rxe6 Kxe6 43. Kg2 Kd7 44. Ra2 Rb8 45. Kf2 Re8 46. Ra4 Rb8 47. Ra2 Kc7 48. Ra6 Kb7 49. Ra4 Kc7 50. Ra6 1/2-1/2

[Event "British Rapidplay"]
[Site "Peterborough"]
[Date "2024.03.03"]
[Round "9"]
[White "Hryshchenko, Kamila"]
[Black "Hanache, Kai"]
[Result "0-1"]
[WhiteElo "2186"]
[BlackElo "1998"]
[PlyCount "63"]
[EventDate "2024.03.02"]
[EventType "swiss (rapid)"]
[EventRounds "11"]
[EventCountry "ENG"]
[SourceTitle "CB10_2024"]
[SourceDate "2024.03.06"]
[SourceVersion "1"]
[SourceVersionDate "2024.03.06"]
[SourceQuality "1"]

1. e4 e5 2. Nf3 Nc6 3. Bb5 a6 4. Ba4 Nf6 5. d4 exd4 6. 0-0 Be7 7. Re1 0-0 8. e5 Nd5 9. c3 Nb6 10. Bc2 d6 11. exd6 Qxd6 12. Nxd4 Nxd4 13. cxd4 Bf6 14. Be3 Be6 15. Nd2 Bd5 16. Qg4 Rfe8 17. Rec1 c6 18. Bd3 g6 19. b3 h5 20. Qd1 Rad8 21. Qc2 Bg7 22. Rd1 Qe6 23. h3 Qe7 24. Rac1 f5 25. Nc4 Bxc4 26. bxc4 Bxd4 27. Bxd4 Rxd4 28. c5 Nd5 29. Bc4 Rxd1+ 30. Rxd1 Rd8 31. Bb3 Qe4 32. Qc1 0-1

[Event "British Rapidplay"]
[Site "Peterborough"]
[Date "2024.03.03"]
[Round "8"]
[White "Lishoy Gengis Paratazham, Dildarav"]
[Black "Hryshchenko, Kamila"]
[Result "0-1"]
[WhiteElo "1924"]
[BlackElo "2186"]
[PlyCount "198"]
[EventDate "2024.03.02"]
[EventType "swiss (rapid)"]
[EventRounds "11"]
[EventCountry "ENG"]
[SourceTitle "CB10_2024"]
[SourceDate "2024.03.06"]
[SourceVersion "1"]
[SourceVersionDate "2024.03.06"]
[SourceQuality "1"]

1. e4 g6 2. d3 Bg7 3. g3 d6 4. Bg2 Nf6 5. f4 0-0 6. Nf3 c6 7. c3 Nbd7 8. 0-0 e5 9. Qe2 Re8 10. fxe5 dxe5 11. h3 Nc5 12. Rd1 Qc7 13. Be3 Ne6 14. Nbd2 Nh5 15. Bf2 Bd7 16. Nc4 b5 17. Ne3 a6 18. Rac1 Rad8 19. Rd2 Bc8 20. Rcd1 Qa5 21. a3 Qc7 22. Rc1 Qe7 23. h4 Nc5 24. Rcd1 Bh6 25. b4 Nd7 26. d4 exd4 27. Rxd4 Bg7 28. R4d3 Ne5 29. Nxe5 Bxe5 30. Ng4 Rxd3 31. Rxd3 Bg7 32. Bc5 Qe6 33. Nf2 Qc4 34. Qc2 Be5 35. Bf1 Qe6 36. Bh3 f5 37. Kg2 Qc4 38. Rf3 f4 39. Bxc8 Rxc8 40. g4 Ng3 41. Qd3 Qe6 42. Bb6 h6 43. Bc5 Re8 44. Bd4 Rd8 45. Qd2 Bc7 46. Rxf4 Bxf4 47. Qxf4 Ne2 48. Qxh6 Nxd4 49. cxd4 Rxd4 50. h5 Rd6 51. Qg5 Kf7 52. h6 Kg8 53. Qf4 Qf6 54. Qe3 g5 55. Qb6 Rd2 56. Qe3 Rd6 57. Qb6 Qxh6 58. Qb8+ Kf7 59. Qc7+ Ke8 60. Qb8+ Rd8 61. Qe5+ Kd7 62. Qf5+ Kc7 63. Qc5 Kd7 64. Qa7+ Ke8 65. Qc5 Qf6 66. Qb6 Rd2 67. Qb8+ Kf7 68. Qa7+ Kg6 69. Qe3 Qd4 70. Qf3 Qf6 71. Qg3 Qf4 72. Qxf4 gxf4 73. Kf3 Ra2 74. Kxf4 Rxf2+ 75. Ke5 Rf6 76. Kd4 Re6 77. Kc5 Rxe4 78. Kxc6 Re6+ 79. Kb7 Kg5 80. Ka7 Kxg4 81. Kb7 Kf5 82. Ka7 Ke5 83. Kb7 Kd5 84. Kc7 Rc6+ 85. Kb7 Kd6 86. Ka7 Kd5 87. Kb7 Rh6 88. Ka7 Kc4 89. Kb7 Kb3 90. Ka7 Kxa3 91. Kb7 Kxb4 92. Kc7 a5 93. Kb7 a4 94. Kc7 a3 95. Kb7 a2 96. Kc7 a1Q 97. Kb7 Qa6+ 98. Kc7 Qa7+ 99. Kd8 Rh8# 0-1

[Event "British Rapidplay"]
[Site "Peterborough"]
[Date "2024.03.02"]
[Round "5"]
[White "Hryshchenko, Kamila"]
[Black "Patel, Keatan"]
[Result "1-0"]
[WhiteElo "2186"]
[BlackElo "1888"]
[PlyCount "69"]
[EventDate "2024.03.02"]
[EventType "swiss (rapid)"]
[EventRounds "11"]
[EventCountry "ENG"]
[SourceTitle "CB10_2024"]
[SourceDate "2024.03.06"]
[SourceVersion "1"]
[SourceVersionDate "2024.03.06"]
[SourceQuality "1"]

1. e4 e5 2. Nf3 Nc6 3. Bb5 a6 4. Ba4 Nf6 5. d4 b5 6. Bb3 Nxd4 7. Nxd4 exd4 8. e5 Ng8 9. Qf3 d5 10. Bxd5 Be6 11. Bxa8 Ne7 12. Bg5 h6 13. Bc6+ Bd7 14. Bd5 Be6 15. Bxe6 fxe6 16. Bxe7 Bxe7 17. Qc6+ Kf7 18. 0-0 d3 19. cxd3 Qd4 20. Nc3 Rf8 21. Rae1 Bc5 22. Re4 Qxd3 23. Qxc5 Kg8 24. Qe3 Qd7 25. Rf4 Rd8 26. Rg4 Kh8 27. h3 b4 28. Rd1 Qe7 29. Rxd8+ Qxd8 30. Qd4 Qf8 31. Ne4 c5 32. Qd6 Qf5 33. Qd8+ Kh7 34. Nf6+ gxf6 35. Qg8# 1-0

[Event "EU-ch Rapid (Women)"]
[Site "Monaco"]
[Date "2024.01.14"]
[Round "7"]
[White "Hryshchenko, Kamila"]
[Black "Batsiashvili, Nino"]
[Result "0-1"]
[WhiteElo "2192"]
[BlackElo "2451"]
[PlyCount "88"]
[EventDate "2024.01.13"]
[EventType "swiss (rapid)"]
[EventRounds "11"]
[EventCountry "MNC"]
[SourceTitle "CB03_2024"]
[SourceDate "2024.01.17"]
[SourceVersion "1"]
[SourceVersionDate "2024.01.17"]
[SourceQuality "1"]

1. e4 d5 2. exd5 Qxd5 3. Nc3 Qa5 4. d4 Nf6 5. Nf3 Bf5 6. Bc4 e6 7. 0-0 c6 8. Re1 Be7 9. Bd2 Qc7 10. Ne2 Nbd7 11. Bf4 Qb6 12. Ng3 Bg6 13. Bb3 a5 14. a4 Nd5 15. Bg5 Bxg5 16. Nxg5 0-0-0 17. Qd2 N7f6 18. Nf3 Nb4 19. Re5 h5 20. h4 Ng4 21. Re2 Rd7 22. c3 Nd5 23. Bc4 Rhd8 24. Ne5 Nxe5 25. Rxe5 Qc7 26. Qe1 Nf6 27. b4 axb4 28. a5 Kb8 29. a6 b6 30. Ne2 Ng4 31. f4 Nxe5 32. fxe5 Ka7 33. Qg3 b5 34. Bxe6 fxe6 35. Qxg6 bxc3 36. Qxe6 Qb6 37. Kh1 c2 38. Qf5 Rxd4 39. Nxd4 Qxd4 40. Rf1 Qxh4+ 41. Kg1 Qd4+ 42. Kh1 Qd1 43. Qf7+ Kxa6 44. Kh2 c1Q 0-1

[Event "EU-ch Rapid (Women)"]
[Site "Monaco"]
[Date "2024.01.14"]
[Round "11"]
[White "Hryshchenko, Kamila"]
[Black "Haussernot, Cecile"]
[Result "0-1"]
[WhiteElo "2192"]
[BlackElo "2136"]
[PlyCount "140"]
[EventDate "2024.01.13"]
[EventType "swiss (rapid)"]
[EventRounds "11"]
[EventCountry "MNC"]
[SourceTitle "CB03_2024"]
[SourceDate "2024.01.17"]
[SourceVersion "1"]
[SourceVersionDate "2024.01.17"]
[SourceQuality "1"]

1. e4 c5 2. Nf3 d6 3. d3 Nc6 4. g3 g6 5. Bg2 Bg7 6. 0-0 e6 7. c3 e5 8. Ng5 h6 9. Nh3 Be6 10. f4 Qd7 11. Nf2 Nge7 12. Nd2 f5 13. Nf3 0-0 14. Be3 c4 15. Qd2 exf4 16. gxf4 cxd3 17. Qxd3 fxe4 18. Nxe4 Nd5 19. Rad1 Rae8 20. Bc1 Nxf4 21. Bxf4 Rxf4 22. Nxd6 Ref8 23. Qxg6 Bg4 24. Ne4 Qc7 25. Nfd2 Ne5 26. Qd6 Qxd6 27. Nxd6 Bxd1 28. Rxd1 Nd3 29. N2c4 Nf2 30. Re1 b5 31. Nxb5 R8f5 32. Nbd6 Rg5 33. Ne3 Bf8 34. Ndf5 Rgxf5 35. Nxf5 Rxf5 36. Bd5+ Kg7 37. Be6 Rf6 38. b4 Nd3 39. Re3 Nf4 40. Bb3 Bd6 41. a3 h5 42. c4 Rg6+ 43. Kf1 Ng2 44. Re2 Nf4 45. Re3 Kf6 46. c5 Be5 47. Rg3 Rxg3 48. hxg3 Nd3 49. Bc4 Nb2 50. Be2 Bxg3 51. Bxh5 Ke5 52. Kg2 Bh4 53. b5 Bd8 54. b6 a5 55. b7 Bc7 56. Bf3 Kd4 57. c6 Nc4 58. Kf2 Nxa3 59. Ke2 Kc3 60. Bd5 Nc2 61. Kf3 Nd4+ 62. Ke4 a4 63. Ke3 Nb3 64. Ke4 a3 65. Kf5 a2 66. Ke6 a1Q 67. Kd7 Qa5 68. Bxb3 Kxb3 69. Kc8 Qb6 70. Kd7 Kc4 0-1

[Event "EU-ch Blitz (Women)"]
[Site "Monaco"]
[Date "2024.01.12"]
[Round "3"]
[White "Hunt, Harriet"]
[Black "Hryshchenko, Kamila"]
[Result "1/2-1/2"]
[WhiteElo "2306"]
[BlackElo "2192"]
[PlyCount "95"]
[EventDate "2024.01.12"]
[EventType "swiss (blitz)"]
[EventRounds "13"]
[EventCountry "MNC"]
[SourceTitle "CB03_2024"]
[SourceDate "2024.01.17"]
[SourceVersion "1"]
[SourceVersionDate "2024.01.17"]
[SourceQuality "1"]

1. e4 g6 2. d4 Bg7 3. Nf3 d6 4. Bc4 e6 5. 0-0 Ne7 6. Bb3 a6 7. a4 0-0 8. Nc3 Nd7 9. Bg5 h6 10. Bh4 Rb8 11. a5 c5 12. d5 e5 13. Nd2 g5 14. Bg3 Ng6 15. Nc4 Nf6 16. f3 Nf4 17. Ne3 Bd7 18. Ba4 Bc8 19. Bb3 N6h5 20. Bf2 Bd7 21. Kh1 Nf6 22. Nf5 Bxf5 23. exf5 Qc8 24. g3 Nh3 25. Qd3 Nxf2+ 26. Rxf2 Qc7 27. Bc4 Ra8 28. Ne4 Rfb8 29. b3 Nd7 30. Rg2 f6 31. h4 Kf7 32. f4 Rh8 33. h5 Rhg8 34. fxg5 hxg5 35. g4 Bf8 36. Rh2 Rh8 37. c3 Rh6 38. b4 Be7 39. Rc1 Kg7 40. Qe3 Rc8 41. Rhc2 Bf8 42. Bd3 c4 43. Be2 b5 44. Rd1 Be7 45. Bf3 Kf7 46. Rcd2 Qb7 47. Ng3 Qc7 48. Be4 1/2-1/2

[Event "EU-ch Blitz (Women)"]
[Site "Monaco"]
[Date "2024.01.12"]
[Round "7"]
[White "Navrotescu, Andreea Cristiana"]
[Black "Hryshchenko, Kamila"]
[Result "0-1"]
[WhiteElo "2222"]
[BlackElo "2192"]
[PlyCount "70"]
[EventDate "2024.01.12"]
[EventType "swiss (blitz)"]
[EventRounds "13"]
[EventCountry "MNC"]
[SourceTitle "CB03_2024"]
[SourceDate "2024.01.17"]
[SourceVersion "1"]
[SourceVersionDate "2024.01.17"]
[SourceQuality "1"]

1. d4 d6 2. c4 g6 3. e4 Bg7 4. Nc3 Nf6 5. Nf3 0-0 6. Be2 e5 7. Be3 Nc6 8. d5 Ne7 9. Nd2 Ne8 10. c5 h6 11. Nc4 f5 12. f3 Bd7 13. Qd2 Kh7 14. a4 f4 15. Bf2 Nc8 16. 0-0 g5 17. Rfc1 h5 18. cxd6 Ncxd6 19. Bc5 Qf6 20. Nb5 Rg8 21. Ncxd6 cxd6 22. Ba3 g4 23. Nc7 Rd8 24. Ne6 Bxe6 25. dxe6 Bh6 26. Qd5 Rg7 27. Rc3 gxf3 28. Bxf3 h4 29. Rac1 h3 30. Rc8 hxg2 31. Rxd8 Qxd8 32. Bh5 Nf6 33. Qd1 f3 34. Bxf3 Qb6+ 35. Bc5 Be3+ 0-1

[Event "EU-ch Blitz (Women)"]
[Site "Monaco"]
[Date "2024.01.12"]
[Round "9"]
[White "Pavlidou, Ekaterini"]
[Black "Hryshchenko, Kamila"]
[Result "0-1"]
[WhiteElo "2206"]
[BlackElo "2192"]
[PlyCount "123"]
[EventDate "2024.01.12"]
[EventType "swiss (blitz)"]
[EventRounds "13"]
[EventCountry "MNC"]
[SourceTitle "CB03_2024"]
[SourceDate "2024.01.17"]
[SourceVersion "1"]
[SourceVersionDate "2024.01.17"]
[SourceQuality "1"]

1. d4 g6 2. e4 Bg7 3. c4 d6 4. Nc3 Nf6 5. Bd3 0-0 6. Nge2 e5 7. d5 a5 8. h3 Na6 9. Be3 Nc5 10. Bc2 Ne8 11. g4 h6 12. Ng3 Bd7 13. Qd2 Kh7 14. f3 Qh4 15. Qf2 b6 16. 0-0-0 a4 17. Rdg1 a3 18. b3 Na6 19. Qd2 Rb8 20. Kb1 Nb4 21. g5 Nxc2 22. Kxc2 f5 23. Nf1 Qh5 24. Ng3 Qxf3 25. gxh6 f4 26. hxg7 Nxg7 27. Bf2 fxg3 28. Bxg3 Nh5 29. Bh4 Qf4 30. Qe1 b5 31. Bg5 Qf3 32. cxb5 Bxb5 33. Qd2 Ng3 34. Rh2 Nxe4 35. Nxe4 Qxe4+ 36. Kc1 Bd3 37. h4 Qd4 38. Kd1 Qa1+ 39. Qc1 Qd4 40. Qd2 Rb5 41. Rh3 Qa1+ 42. Qc1 Qxc1+ 43. Kxc1 Rxd5 44. Rd1 Be4 45. Rxd5 Bxd5 46. Rc3 c6 47. Be7 Rf1+ 48. Kd2 Rf2+ 49. Ke3 Rf3+ 50. Kd2 Rf2+ 51. Kc1 Rxa2 52. Bxd6 Kg7 53. Bxe5+ Kf7 54. Bd4 Rh2 55. b4 a2 56. Ra3 Ke6 57. Ra7 Rxh4 58. Bg7 Kf5 59. Kb2 Rh2+ 60. Kc1 Ke4 61. Rd7 Rh1+ 62. Kd2 0-1

[Event "EU-ch Blitz (Women)"]
[Site "Monaco"]
[Date "2024.01.12"]
[Round "5"]
[White "Zimina, Olga"]
[Black "Hryshchenko, Kamila"]
[Result "1-0"]
[WhiteElo "2291"]
[BlackElo "2192"]
[PlyCount "45"]
[EventDate "2024.01.12"]
[EventType "swiss (blitz)"]
[EventRounds "13"]
[EventCountry "MNC"]
[SourceTitle "CB03_2024"]
[SourceDate "2024.01.17"]
[SourceVersion "1"]
[SourceVersionDate "2024.01.17"]
[SourceQuality "1"]

1. d4 d6 2. g3 g6 3. Bg2 Bg7 4. Nf3 Nf6 5. 0-0 0-0 6. Nc3 c6 7. e4 Nbd7 8. Re1 e5 9. dxe5 dxe5 10. a4 a5 11. h3 Qe7 12. Be3 Re8 13. Nd2 Nc5 14. Nc4 Rd8 15. Qe2 Nfd7 16. Rad1 Ne6 17. f4 Nd4 18. Qf2 Ne6 19. Rf1 f6 20. f5 Nef8 21. Nb6 Nxb6 22. Bxb6 Rxd1 23. Rxd1 1-0

[Event "UK-ch Blitz-B"]
[Site "Leamington Spa"]
[Date "2023.12.02"]
[Round "5.1"]
[White "Hryshchenko, Kamila"]
[Black "Hariharan, Shambavi"]
[Result "1-0"]
[WhiteElo "2010"]
[BlackElo "1623"]
[PlyCount "53"]
[EventDate "2023.12.02"]
[EventType "tourn (blitz)"]
[EventRounds "15"]
[EventCountry "ENG"]
[SourceTitle "CB50_2023"]
[SourceDate "2023.12.13"]
[SourceVersion "1"]
[SourceVersionDate "2023.12.13"]
[SourceQuality "1"]

1. e4 c6 2. d3 d5 3. Nd2 dxe4 4. dxe4 e5 5. Ngf3 Bg4 6. Bc4 Bxf3 7. Qxf3 Nf6 8. 0-0 Be7 9. a4 0-0 10. a5 a6 11. c3 Nbd7 12. Nb3 Qc7 13. Bg5 h6 14. Be3 Rad8 15. Rfe1 Nb8 16. Bb6 Qc8 17. Bxd8 Rxd8 18. Rad1 c5 19. Rxd8+ Qxd8 20. Rd1 Qc7 21. h3 Nc6 22. Qf5 g6 23. Qxg6+ Kh8 24. Bxf7 Nxa5 25. Nxa5 Qxa5 26. Qxh6+ Nh7 27. Bg6 1-0

[Event "UK-ch Blitz-B"]
[Site "Leamington Spa"]
[Date "2023.12.02"]
[Round "10.6"]
[White "Hryshchenko, Kamila"]
[Black "Kong, Emma"]
[Result "1-0"]
[WhiteElo "2010"]
[BlackElo "1269"]
[PlyCount "88"]
[EventDate "2023.12.02"]
[EventType "tourn (blitz)"]
[EventRounds "15"]
[EventCountry "ENG"]
[SourceTitle "CB50_2023"]
[SourceDate "2023.12.13"]
[SourceVersion "1"]
[SourceVersionDate "2023.12.13"]
[SourceQuality "1"]

1. e4 c5 2. d3 Nf6 3. Be2 d6 4. f4 g6 5. Nf3 Bg7 6. 0-0 0-0 7. c3 Nc6 8. Kh1 e6 9. Qe1 Nd7 10. Be3 f5 11. Nbd2 e5 12. fxe5 Ndxe5 13. Nxe5 Nxe5 14. Qg3 Be6 15. d4 cxd4 16. cxd4 Ng4 17. Bxg4 fxg4 18. Rxf8+ Qxf8 19. Rf1 Qe7 20. b3 Rf8 21. Rc1 Rc8 22. Rxc8+ Bxc8 23. Nc4 Qf7 24. Qxd6 Qf1+ 25. Bg1 Qf8 26. Qd5+ Kh8 27. Nd6 h5 28. e5 Bf5 29. e6 Qe7 30. Nxf5 gxf5 31. Qxf5 Qf6 32. Qxf6 Bxf6 33. d5 Be7 34. Bxa7 Bd6 35. Bd4+ Kh7 36. h3 gxh3 37. gxh3 Kg6 38. Kg2 Kf5 39. Kf3 h4 40. Bf2 Ke5 41. Bxh4 Kxd5 42. e7 Bxe7 43. Bxe7 Ke6 44. Bg5 Kd5 1-0

[Event "UK-ch Blitz-B"]
[Site "Leamington Spa"]
[Date "2023.12.02"]
[Round "9.1"]
[White "Orlovska, Madara"]
[Black "Hryshchenko, Kamila"]
[Result "0-1"]
[WhiteElo "1961"]
[BlackElo "2010"]
[PlyCount "52"]
[EventDate "2023.12.02"]
[EventType "tourn (blitz)"]
[EventRounds "15"]
[EventCountry "ENG"]
[SourceTitle "CB50_2023"]
[SourceDate "2023.12.13"]
[SourceVersion "1"]
[SourceVersionDate "2023.12.13"]
[SourceQuality "1"]

1. e4 d6 2. d4 g6 3. Nc3 Bg7 4. Be3 Nf6 5. Qe2 c6 6. f4 Ng4 7. e5 Nxe3 8. Qxe3 0-0 9. 0-0-0 Qa5 10. Kb1 b5 11. Nf3 b4 12. Ne4 Be6 13. b3 Qc7 14. Neg5 Bd5 15. Bd3 a5 16. Be4 a4 17. Bxd5 cxd5 18. g4 Qa7 19. Qd2 Na6 20. h4 Nc7 21. Ng1 Rfc8 22. h5 Nb5 23. Ne2 Na3+ 24. Ka1 axb3 25. Nc1 b2+ 26. Kxb2 Nc4+ 0-1

[Event "BCF-chT 2324 (4NCL)"]
[Site "England"]
[Date "2023.11.12"]
[Round "2.1"]
[White "Hryshchenko, Kamila"]
[Black "Barpiyeva, Gulsana"]
[Result "1-0"]
[WhiteElo "2181"]
[BlackElo "2028"]
[PlyCount "119"]
[EventDate "2023.11.11"]
[EventType "team-tourn"]
[EventRounds "11"]
[EventCountry "ENG"]
[SourceTitle "CB46_2023"]
[SourceDate "2023.11.15"]
[SourceVersion "1"]
[SourceVersionDate "2023.11.15"]
[SourceQuality "1"]
[WhiteTeam "The Sharks"]
[BlackTeam "Manx Liberty"]
[WhiteTeamCountry "ENG"]
[BlackTeamCountry "ENG"]

1. e4 c5 2. d3 g6 3. Be2 Bg7 4. f4 d6 5. Nf3 Nc6 6. 0-0 e6 7. Nc3 Nge7 8. Qe1 Nd4 9. Bd1 Nec6 10. Kh1 0-0 11. Qg3 b5 12. Ng5 b4 13. Nb1 a5 14. c3 bxc3 15. bxc3 Nb5 16. Ba4 Rb8 17. Bd2 Ne7 18. Bb3 h6 19. Nf3 Kh7 20. Bc2 f5 21. Re1 Na7 22. Na3 Ba6 23. Qh3 Qd7 24. Bb3 d5 25. exf5 exf5 26. Ng5+ Kg8 27. Ne6 Rfc8 28. Qe3 Bf6 29. Nxc5 Rxc5 30. Qxc5 Bxd3 31. Qxa5 Be4 32. Rad1 Nec6 33. Qa4 Nc8 34. Nc2 Nb6 35. Qa6 Nc4 36. Nb4 Nxb4 37. Qxf6 Nd3 38. Re2 Rb6 39. Qd4 Qc7 40. Be3 Nxe3 41. Qxe3 Nxf4 42. Rf2 g5 43. Qd4 Rc6 44. Rxf4 gxf4 45. Bxd5+ Bxd5 46. Qxd5+ Kh8 47. Re1 Rg6 48. Re8+ Kh7 49. Qxf5 Qd6 50. Re1 Kg7 51. c4 Rg5 52. Qe4 Kf6 53. Rf1 Rf5 54. g4 Rg5 55. Rxf4+ Kg7 56. Qd4+ Qxd4 57. Rxd4 Re5 58. Rd2 Re4 59. Rc2 Rxg4 60. Rg2 1-0

[Event "ENG-ch Chessable (Women)"]
[Site "Kenilworth"]
[Date "2023.05.29"]
[Round "7"]
[White "Hryshchenko, Kamila"]
[Black "Rida, Ruqayyah"]
[Result "1-0"]
[WhiteElo "2169"]
[BlackElo "1842"]
[PlyCount "85"]
[EventDate "2023.05.26"]
[EventType "swiss"]
[EventRounds "7"]
[EventCountry "ENG"]
[SourceTitle "CBM 214 Extra"]
[Source "ChessBase"]
[SourceDate "2023.07.31"]
[SourceVersion "1"]
[SourceVersionDate "2023.07.31"]
[SourceQuality "1"]

1. e4 e5 2. Bc4 Nc6 3. Nc3 Nf6 4. d3 Bc5 5. Nf3 0-0 6. a3 a6 7. Bg5 h6 8. Bh4 Be7 9. h3 d6 10. Bxf6 Bxf6 11. Nd5 Be6 12. Ne3 Ne7 13. Ng4 Bxg4 14. hxg4 d5 15. exd5 Nxd5 16. g5 hxg5 17. Nd2 g6 18. Qg4 Nf4 19. g3 Nh5 20. Ne4 Kg7 21. 0-0-0 Rh8 22. Qf3 Qe7 23. Rh2 b5 24. Ba2 a5 25. Rdh1 b4 26. a4 Rad8 27. Bc4 Rdf8 28. Kb1 Qd8 29. Qe3 Qe7 30. Qe2 Qd8 31. Qe3 Be7 32. Nd2 Bf6 33. Ne4 Be7 34. Qa7 f5 35. Nd2 Qd6 36. Nb3 Ra8 37. Qe3 g4 38. Qe2 Bf6 39. Qd1 Rad8 40. Qc1 f4 41. Qd1 f3 42. Qe1 Rhe8 43. Qe4 1-0

[Event "ENG-ch Chessable (Women)"]
[Site "Kenilworth"]
[Date "2023.05.27"]
[Round "3"]
[White "Hryshchenko, Kamila"]
[Black "Latypova, Olga L"]
[Result "1-0"]
[WhiteElo "2169"]
[BlackElo "1780"]
[PlyCount "71"]
[EventDate "2023.05.26"]
[EventType "swiss"]
[EventRounds "7"]
[EventCountry "ENG"]
[SourceTitle "CBM 214 Extra"]
[Source "ChessBase"]
[SourceDate "2023.07.31"]
[SourceVersion "1"]
[SourceVersionDate "2023.07.31"]
[SourceQuality "1"]

1. e4 c5 2. Nf3 e6 3. d3 Nc6 4. g3 g6 5. Bg2 Bg7 6. c3 Nge7 7. 0-0 0-0 8. Re1 d6 9. a3 Rb8 10. Ra2 b5 11. d4 Bb7 12. b3 a6 13. Be3 cxd4 14. cxd4 d5 15. e5 Nf5 16. Bg5 Qb6 17. Rd2 Rfc8 18. g4 Nfe7 19. h4 h6 20. Bf4 b4 21. a4 Rc7 22. Qe2 Rbc8 23. Qe3 Kh7 24. Bf1 Na5 25. Ra2 Rc6 26. Kg2 Rc2 27. Rxc2 Rxc2 28. h5 Rb2 29. Nbd2 Qc7 30. hxg6+ fxg6 31. Bd3 Qc3 32. Rh1 Ng8 33. Ng5+ Kh8 34. Bxg6 Bf8 35. Bd3 Nxb3 36. Qf3 1-0

[Event "ENG-ch Chessable (Women)"]
[Site "Kenilworth"]
[Date "2023.05.26"]
[Round "2"]
[White "Longson, Sarah N"]
[Black "Hryshchenko, Kamila"]
[Result "1-0"]
[WhiteElo "2031"]
[BlackElo "2169"]
[PlyCount "57"]
[EventDate "2023.05.26"]
[EventType "swiss"]
[EventRounds "7"]
[EventCountry "ENG"]
[SourceTitle "CBM 214 Extra"]
[Source "ChessBase"]
[SourceDate "2023.07.31"]
[SourceVersion "1"]
[SourceVersionDate "2023.07.31"]
[SourceQuality "1"]

1. e4 d6 2. d4 g6 3. Nc3 Bg7 4. Be3 a6 5. h4 h6 6. Qd2 Nd7 7. 0-0-0 c6 8. e5 d5 9. h5 g5 10. f4 g4 11. Bd3 b5 12. f5 c5 13. Nxd5 cxd4 14. Bxd4 Nxe5 15. Bb6 Qd6 16. Nc7+ Kf8 17. Nxa8 Bb7 18. Bc7 Qf6 19. Be4 Nd7 20. c3 Bxe4 21. Qxd7 Qg5+ 22. Qd2 Bf6 23. Bf4 Qxf5 24. Nb6 Bc6 25. Ne2 Kg7 26. Nd4 Qc5 27. Nxc6 Qxb6 28. Ne5 Qe6 29. Qd5 1-0

[Event "BCF-chT3E 2223 (4NCL)"]
[Site "England"]
[Date "2023.04.29"]
[Round "9.11"]
[White "Hryshchenko, Kamila"]
[Black "Miller, Dominic"]
[Result "1-0"]
[WhiteElo "2169"]
[BlackElo "2111"]
[PlyCount "63"]
[EventDate "2022.11.05"]
[EventType "team-tourn"]
[EventRounds "11"]
[EventCountry "ENG"]
[SourceTitle "EXT 2024"]
[Source "ChessBase"]
[SourceDate "2023.10.10"]
[SourceVersion "1"]
[SourceVersionDate "2023.10.10"]
[SourceQuality "1"]
[WhiteTeam "Hull & East Riding Tigers"]
[BlackTeam "Sussex Martlets II"]
[WhiteTeamCountry "ENG"]
[BlackTeamCountry "ENG"]

1. e4 e6 2. d3 c5 3. Nf3 Nc6 4. g3 g6 5. Bg2 Bg7 6. 0-0 d6 7. c3 e5 8. a3 Nge7 9. b4 a6 10. Nbd2 0-0 11. h3 h6 12. Rb1 b6 13. Nc4 Be6 14. Ne3 Qd7 15. Kh2 f5 16. Nh4 Qc7 17. Bd2 Rab8 18. bxc5 bxc5 19. Rxb8 Nxb8 20. exf5 gxf5 21. f4 Nd7 22. Qh5 Nf6 23. Qe2 e4 24. dxe4 fxe4 25. f5 Bd7 26. Ng4 Kh7 27. Bxe4 Bc6 28. Nxf6+ Rxf6 29. Bf4 Qd7 30. Bxc6 Nxc6 31. g4 Rf7 32. g5 1-0